00638cam a22002053a 45000010005000000030006000050050017000110080041000280400015000690420007000840500009000911000042001002450108001422600029002505060030002795160020003096530034003298300028003638560041003919607PGUSA20140828083214.0060101s2006||||xxu|||||s|||||000 | eng d aPGUSAbeng adc 4aE3001 aThayer, William Makepeace,d1820-189810aFrom Boyhood to Manhood :bLife of Benjamin Franklinh[electronic resource] /cWilliam Makepeace Thayer bProject Gutenberg,c2006 aPublic domain in the USA. aElectronic text aFranklin, Benjamin, 1706-1790 0aProject Gutenbergv960740uhttp://www.gutenberg.org/ebooks/9607